<The> Effect of Ethanol Policies on the Vertical Price Transmission in Corn and Food Markets

Analýza vplyvu etanolových politík na prenos cien pozdĺž potravinového reťazca. Sektor kukurice v USA a jeho vertikálne prepojenie s trhmi s potravinami a etanolom (energiou). Zistenie, že etanol je zdrojom nedokonalého prenosu cien v potravinovom dodávateľskom reťazci.

Salvato in:
Dettagli Bibliografici
Autore principale: Drábik, Dušan
Altri autori: Ciaian, Pavel, Pokrivčák, Ján
Natura: Capitolo di libro
Lingua:inglese
Soggetti:
Tags: Aggiungi Tag
Nessun Tag, puoi essere il primo ad aggiungerne!!

MARC

LEADER 00000nla a2200000 4500
001 0242494
005 20240416110109.1
041 0 |a eng 
044 |a NL 
245 1 0 |a <The> Effect of Ethanol Policies on the Vertical Price Transmission in Corn and Food Markets  |c Dušan Drábik, Pavel Ciaian, Ján Pokrivčák 
520 |a Analýza vplyvu etanolových politík na prenos cien pozdĺž potravinového reťazca. Sektor kukurice v USA a jeho vertikálne prepojenie s trhmi s potravinami a etanolom (energiou). Zistenie, že etanol je zdrojom nedokonalého prenosu cien v potravinovom dodávateľskom reťazci. 
610 2 0 |a reťazce dodávateľsko-odberateľské 
610 2 0 |a poľnohospodárstvo 
610 2 0 |a potravinárstvo 
610 2 0 |a potraviny 
610 2 0 |a kukurica 
610 2 0 |a biopalivá 
610 2 0 |a legislatíva 
610 2 0 |a politika 
610 2 0 |a politika cenová 
610 2 0 |a ceny 
610 2 0 |a úľavy daňové 
100 1 |a Drábik, Dušan 
700 1 |a Ciaian, Pavel 
700 1 |a Pokrivčák, Ján